<?xml version="1.0" encoding="UTF-8"?>
<collection xmlns="http://www.loc.gov/MARC21/slim">
 <record>
  <leader>01683nam a22002417a 4500</leader>
  <controlfield tag="001">NCT_75282</controlfield>
  <controlfield tag="008">200222b        xxu||||| |||| 00| 0 vie d</controlfield>
  <datafield tag="999" ind1=" " ind2=" ">
   <subfield code="c">3671</subfield>
   <subfield code="d">3671</subfield>
  </datafield>
  <datafield tag="020" ind1=" " ind2=" ">
   <subfield code="a">9786040072054</subfield>
   <subfield code="c">160000</subfield>
  </datafield>
  <datafield tag="082" ind1="0" ind2="4">
   <subfield code="2">23rd ed.</subfield>
   <subfield code="a">616.462</subfield>
   <subfield code="b">Q502</subfield>
  </datafield>
  <datafield tag="100" ind1="1" ind2=" ">
   <subfield code="a">Đỗ Trung Quân</subfield>
  </datafield>
  <datafield tag="245" ind1="1" ind2="0">
   <subfield code="a">Chẩn đoán đái tháo đường và điều trị</subfield>
   <subfield code="c">Đỗ Trung Quân</subfield>
  </datafield>
  <datafield tag="260" ind1=" " ind2=" ">
   <subfield code="a">H.</subfield>
   <subfield code="b">Giáo dục Việt Nam</subfield>
   <subfield code="c">2015</subfield>
  </datafield>
  <datafield tag="300" ind1=" " ind2=" ">
   <subfield code="a">503 tr.</subfield>
   <subfield code="c">27cm</subfield>
  </datafield>
  <datafield tag="520" ind1="3" ind2=" ">
   <subfield code="a">Nội dung sách chẩn đoán và điều trị về bệnh đái tháo đường. Điều trị biến chứng mạch máu lớn ở bệnh nhân đái tháo đường. Điều trị biến chứng vi mạch và các biến chứng khác của bệnh đái tháo đường.</subfield>
  </datafield>
  <datafield tag="653" ind1=" " ind2=" ">
   <subfield code="a">Y Đa khoa</subfield>
  </datafield>
  <datafield tag="942" ind1=" " ind2=" ">
   <subfield code="2">ddc</subfield>
   <subfield code="c">BK</subfield>
  </datafield>
  <datafield tag="952" ind1=" " ind2=" ">
   <subfield code="0">0</subfield>
   <subfield code="1">0</subfield>
   <subfield code="2">ddc</subfield>
   <subfield code="4">0</subfield>
   <subfield code="6">616_462000000000000_Q502</subfield>
   <subfield code="7">0</subfield>
   <subfield code="9">18807</subfield>
   <subfield code="a">000001</subfield>
   <subfield code="b">000001</subfield>
   <subfield code="d">2020-02-22</subfield>
   <subfield code="o">616.462 Q502</subfield>
   <subfield code="p">MD.16512</subfield>
   <subfield code="r">2020-02-22</subfield>
   <subfield code="v">160000.00</subfield>
   <subfield code="w">2020-02-22</subfield>
   <subfield code="y">BK</subfield>
  </datafield>
  <datafield tag="952" ind1=" " ind2=" ">
   <subfield code="0">0</subfield>
   <subfield code="1">0</subfield>
   <subfield code="2">ddc</subfield>
   <subfield code="4">0</subfield>
   <subfield code="6">616_462000000000000_Q502</subfield>
   <subfield code="7">0</subfield>
   <subfield code="9">18808</subfield>
   <subfield code="a">000001</subfield>
   <subfield code="b">000001</subfield>
   <subfield code="d">2020-02-22</subfield>
   <subfield code="o">616.462 Q502</subfield>
   <subfield code="p">MD.16513</subfield>
   <subfield code="r">2020-02-22</subfield>
   <subfield code="v">160000.00</subfield>
   <subfield code="w">2020-02-22</subfield>
   <subfield code="y">BK</subfield>
  </datafield>
  <datafield tag="952" ind1=" " ind2=" ">
   <subfield code="0">0</subfield>
   <subfield code="1">0</subfield>
   <subfield code="2">ddc</subfield>
   <subfield code="4">0</subfield>
   <subfield code="6">616_462000000000000_Q502</subfield>
   <subfield code="7">0</subfield>
   <subfield code="9">18809</subfield>
   <subfield code="a">000001</subfield>
   <subfield code="b">000001</subfield>
   <subfield code="d">2020-02-22</subfield>
   <subfield code="o">616.462 Q502</subfield>
   <subfield code="p">MD.16514</subfield>
   <subfield code="r">2020-02-22</subfield>
   <subfield code="v">160000.00</subfield>
   <subfield code="w">2020-02-22</subfield>
   <subfield code="y">BK</subfield>
  </datafield>
  <datafield tag="952" ind1=" " ind2=" ">
   <subfield code="0">0</subfield>
   <subfield code="1">0</subfield>
   <subfield code="2">ddc</subfield>
   <subfield code="4">0</subfield>
   <subfield code="6">616_462000000000000_Q502</subfield>
   <subfield code="7">0</subfield>
   <subfield code="9">18810</subfield>
   <subfield code="a">000001</subfield>
   <subfield code="b">000001</subfield>
   <subfield code="d">2020-02-22</subfield>
   <subfield code="o">616.462 Q502</subfield>
   <subfield code="p">MD.16515</subfield>
   <subfield code="r">2020-02-22</subfield>
   <subfield code="v">160000.00</subfield>
   <subfield code="w">2020-02-22</subfield>
   <subfield code="y">BK</subfield>
  </datafield>
  <datafield tag="952" ind1=" " ind2=" ">
   <subfield code="0">0</subfield>
   <subfield code="1">0</subfield>
   <subfield code="2">ddc</subfield>
   <subfield code="4">0</subfield>
   <subfield code="6">616_462000000000000_Q502</subfield>
   <subfield code="7">0</subfield>
   <subfield code="9">18811</subfield>
   <subfield code="a">000001</subfield>
   <subfield code="b">000001</subfield>
   <subfield code="d">2020-02-22</subfield>
   <subfield code="o">616.462 Q502</subfield>
   <subfield code="p">MD.16516</subfield>
   <subfield code="r">2020-02-22</subfield>
   <subfield code="v">160000.00</subfield>
   <subfield code="w">2020-02-22</subfield>
   <subfield code="y">BK</subfield>
  </datafield>
  <datafield tag="980" ind1=" " ind2=" ">
   <subfield code="a">Thư viện Trường Đại học Nam Cần Thơ</subfield>
  </datafield>
 </record>
</collection>
